<?xml version="1.0" encoding="UTF-8"?>
<marc:record xmlns:marc="http://www.loc.gov/MARC21/slim">
   <marc:leader>00000nam a2200000 a 4500</marc:leader>
   <marc:datafield ind1="1" ind2=" " tag="100">
      <marc:subfield code="a">Ishiguro, Kazuo</marc:subfield>
      <marc:subfield code="4">aut</marc:subfield>
      <marc:subfield code="e">Verfasser/-in</marc:subfield>
   </marc:datafield>
   <marc:datafield ind1=" " ind2=" " tag="653">
      <marc:subfield code="a">Nobelpreis</marc:subfield>
   </marc:datafield>
   <marc:datafield ind1=" " ind2=" " tag="653">
      <marc:subfield code="a">Nobelpreisträger</marc:subfield>
   </marc:datafield>
   <marc:datafield ind1="0" ind2="0" tag="245">
      <marc:subfield code="a">Was vom Tage übrig blieb</marc:subfield>
   </marc:datafield>
   <marc:datafield ind1=" " ind2="1" tag="264">
      <marc:subfield code="b">Blessing</marc:subfield>
      <marc:subfield code="c">2017</marc:subfield>
   </marc:datafield>
   <marc:datafield ind1="1" ind2=" " tag="520">
      <marc:subfield code="a">Seit Jahrzehnten dient Stevens als Butler auf Darlington Hall. Er sorgt für einen tadellosen Haushalt und ist die Verschwiegenheit in Person: Er hat sein Leben voll und ganz in den Dienst seines Herrn gestellt, niemals würde er auch nur ein Wort über die merkwürdigen Vorgänge im Herrenhaus verlieren. Jetzt bricht er zum ersten Mal aus seiner gewohnten Welt aus, um seine ehemalige Kollegin, Miss Stenton, in Cornwall zu besuchen. Die Fahrt wird für Sevens zu einer Reise in die Vergangenheit und schließlich auch zu einer Reise zu sich selbst.</marc:subfield>
   </marc:datafield>
   <marc:datafield ind1=" " ind2=" " tag="020">
      <marc:subfield code="a">9783896676313</marc:subfield>
      <marc:subfield code="9">9783896676313</marc:subfield>
   </marc:datafield>
</marc:record>
